| 000 | 00563nam a2200169Ia 4500 | ||
|---|---|---|---|
| 999 |
_c10803 _d10803 |
||
| 003 | OSt | ||
| 005 | 20200103094619.0 | ||
| 008 | 190216s9999||||xx |||||||||||||| ||und|| | ||
| 020 | _a9780141014319 | ||
| 040 | _coclc | ||
| 082 |
_a330.9730929 _bSTI/R |
||
| 100 |
_a Stiglitz, Joseph E _9995 |
||
| 245 | 4 |
_aThe Roaring Nineties : why we're paying the price for the greediest decade in history / _cJoseph E Stiglitz |
|
| 260 |
_bPenguin Books, _aLondon: _c2003. |
||
| 300 | _a389p | ||
| 942 |
_cBK _2ddc _h330.9730929 _iSTI/R _k330.9730929 _mSTI/R |
||